000 00679nam a2200205Ii 4500
001 10460
003 CO-ViMGA
008 241108s9999||||xx |||||||||||||| ||und||
040 _aCO-ViMGA
_bspa
_erda
_cCO-ViMGA
041 0 _aunk
082 0 4 _a341.488-S231
100 1 _aCarlos Saenz de Santamaria
_953887
245 1 0 _aFin del asilo del doctor Victor Raul Haya de la Torre 1954
264 1 _a[Lugar de publicación no identificado] : Fundación Centenario del Banco de Colombia, 1978
300 _avolumen
336 _atext
_btxt
_2rdacontent
337 _aunmediated
_bn
_2rdamedia
338 _avolume
_bnc
_2rdacarrier
940 _aidficha_siabuc: 10208. -- ficha_no_siabuc:10460
999 _c50680
_d50680